ARTISTin residence - interiér

Na minha lista:
Detalhes bibliográficos
Autor principal: Kružliaková, Jana (Author)
Outros Autores: Kotradyová, Veronika (Thesis advisor)
Formato: Manuscrito Livro
Idioma:eslovaco
Publicado em: Bratislava 2017
Assuntos:
Acesso em linha:http://is.stuba.sk/zp/portal_zp.pl?podrobnosti=128413
Tags: Adicionar Tag
Sem tags, seja o primeiro a adicionar uma tag!

MARC

LEADER 00000ntm a22000003a 4500
001 stuzp63658
003 SK-STU
005 20210215081640.6
007 ta
008 150427s2015----xo-----f-mn---000-0-slo-d
040 |a STU  |b slo 
041 0 |a slo 
100 1 |a Kružliaková, Jana  |u 055150  |4 aut  |U FAD Fakulta architektúry  |T FA Ústav interiéru a výstavníctva  |X 82463  |U A5150  |Y 396  |7 82463 
242 0 1 |a ARTISTin residence - interior  |y eng 
245 1 0 |a ARTISTin residence - interiér 
260 |c 2017  |a Bratislava 
650 4 |a artistin residence  |2 slo 
650 4 |a interiér  |2 slo 
650 4 |a rekonštrukcia  |2 slo 
650 4 |a reconstruction  |2 eng 
650 4 |a interior  |2 eng 
650 4 |a artistin residence  |2 eng 
700 1 |a Kotradyová, Veronika  |u 055150  |k Z1  |4 ths  |U FAD Fakulta architektúry  |T FA Ústav interiéru a výstavníctva  |X 344  |U A5150  |Y 396  |7 A000000344 
856 4 |u http://is.stuba.sk/zp/portal_zp.pl?podrobnosti=128413  |u https://opac.crzp.sk/?fn=detailBiblioForm&sid=E7FF18FD4FFD5019D8FDEC3CC38C